Nomeia o país 2 - Statistics

Estatísticas Gerais
  • Esse quiz foi jogado 176 vezes
  • A pontuação média é 9 de 15
Estatísticas das Respostas
Hint Resposta % Correto
País de origem do sushi Japão
100%
Têm uma muralha muito famosa China
99%
É conhecido pelas suas pirâmides Egito
98%
É onde fica Machu Picchu Peru
93%
Bebe - se muita cerveja Alemanha
89%
País de origem do Shawn Mendes Canadá
88%
País do Fidel Castro Cuba
88%
Bebe - se tequila México
85%
País de origem da marca Swatch Suíça
52%
A bandeira carrega o seu mapa Chipre
44%
Têm muitos casinos Mónaco
31%
A sopa principal é o Goulash Hungria
24%
A gravata é um dos símbolos da sua cultura Croácia
15%
Têm muitas cavernas Eslováquia
5%
É o país que têm mais ursos Eslovénia
3%
Nenhum quiz correspondente encontrado
Distribuição das Pontuações
Porcentagem de Pessoas com Cada Pontuação
Percentil de Números Respondidos
Sua Pontuação Histórica
Você não jogou esse quiz